00353nam a2200145 a 450000100060000000300090000600800410001504000280005608200150008410000210009924500110012026000450013130000090017665000220018513335CO-ViMGA141112s2004 ck r 000 u spa d aCO-ViMGAbspacCO-ViMGA04aV861 P156P1 aPalomares, Ramon10aPoesia aCaracas : bMonte Avila Editores, c1981 a269p14aPOESIA VENEZOLANA